000 00780namaa2200241 4500
001 175808
003 ES-MaACL
005 20250827043444.0
008 101122s1985 sp |||| | spa d
020 _a84-398-5472-2
080 _a821.134.2-14"19"
100 1 _aReyes, Ángela,
_d1946-
_9137576
245 1 0 _aLabio de hormiga /
_cÁngela Reyes, Juan Ruiz de Torres.
260 _aMadrid :
_bAsociación Prometeo de Poesía,
_c1985.
300 _a37 p. ;
_c21 cm.
490 1 _aColección de poesía Altazor ;
_v2
700 1 _aRuiz de Torres, Juan,
_d1931-2014
_9155342
710 2 _aAsociación Prometeo de Poesía
_91787
830 0 _aColección Altazor de poesía ;
_v2
_9179472
852 _aES-MaACL
_j2266-F-9
942 _2udc
999 _c175808
_d175808